Mosby's 2015 nursing drug reference / (Record no. 20767)
[ view plain ]
| 000 -LEADER | |
|---|---|
| fixed length control field | 01043cam a22003015a 4500 |
| 001 - CONTROL NUMBER | |
| control field | 016727412 |
| 003 - CONTROL NUMBER IDENTIFIER | |
| control field | OSt |
| 005 - DATE AND TIME OF LATEST TRANSACTION | |
| control field | 20151028114830.0 |
| 008 - FIXED-LENGTH DATA ELEMENTS--GENERAL INFORMATION | |
| fixed length control field | 140521t2015 moua frf 001 0 eng d |
| 020 ## - INTERNATIONAL STANDARD BOOK NUMBER | |
| International Standard Book Number | 9780323278010 (pbk.) |
| 020 ## - INTERNATIONAL STANDARD BOOK NUMBER | |
| International Standard Book Number | 10448470 |
| 040 ## - CATALOGING SOURCE | |
| Original cataloging agency | StDuBDS |
| Language of cataloging | eng |
| Transcribing agency | StDuBDS |
| Modifying agency | EG-ScBUE |
| 082 04 - DEWEY DECIMAL CLASSIFICATION NUMBER | |
| Classification number | 615.1 |
| Edition number | 22 |
| Item number | SKI |
| 100 1# - MAIN ENTRY--PERSONAL NAME | |
| Personal name | Skidmore-Roth, Linda. |
| 9 (RLIN) | 38542 |
| 245 10 - TITLE STATEMENT | |
| Title | Mosby's 2015 nursing drug reference / |
| Statement of responsibility, etc | Linda Skidmore-Roth. |
| 246 30 - VARYING FORM OF TITLE | |
| Title proper/short title | 2015 nursing drug reference |
| 246 30 - VARYING FORM OF TITLE | |
| Title proper/short title | Nursing drug reference |
| 250 ## - EDITION STATEMENT | |
| Edition statement | 28th ed. |
| 260 ## - PUBLICATION, DISTRIBUTION, ETC. (IMPRINT) | |
| Place of publication, distribution, etc | Missouri : |
| Name of publisher, distributor, etc | Elsevier / Mosby, |
| Date of publication, distribution, etc | c.2015. |
| 300 ## - PHYSICAL DESCRIPTION | |
| Extent | ix, 1363 p. : |
| Other physical details | ill. ; |
| Dimensions | 17 cm. |
| 500 ## - GENERAL NOTE | |
| General note | Administer drugs safety, accurately, and professionally. now the most trusted book in nursing is also available electronically. |
| 500 ## - GENERAL NOTE | |
| General note | Index : p. 1307-1363. |
| 650 #7 - SUBJECT ADDED ENTRY--TOPICAL TERM | |
| Topical term or geographic name as entry element | Drugs |
| Form subdivision | Handbooks, manuals, etc. |
| Source of heading or term | BUEsh |
| 9 (RLIN) | 32488 |
| 650 #7 - SUBJECT ADDED ENTRY--TOPICAL TERM | |
| Topical term or geographic name as entry element | Nursing |
| Form subdivision | Handbooks, manuals, etc. |
| Source of heading or term | BUEsh |
| 9 (RLIN) | 12117 |
| 651 ## - SUBJECT ADDED ENTRY--GEOGRAPHIC NAME | |
| Source of heading or term | BUEsh |
| 653 ## - INDEX TERM--UNCONTROLLED | |
| Resource For college | Nursing |
| Arrived date list | August2015 |
| -- | October2015 |
| 942 ## - ADDED ENTRY ELEMENTS (KOHA) | |
| Source of classification or shelving scheme | Dewey Decimal Classification |
| Withdrawn status | Lost status | Source of classification or shelving scheme | Damaged status | Not for loan | Koha collection | Home library | Current library | Shelving location | Date acquired | Source of acquisition | Cost, normal purchase price | Serial Enumeration / chronology | Total Checkouts | Full call number | Barcode | Date last seen | Cost, replacement price | Koha item type |
|---|---|---|---|---|---|---|---|---|---|---|---|---|---|---|---|---|---|---|
| Dewey Decimal Classification | Baccah | Central Library | Central Library | Ground Floor | 31/08/2015 | Purchase | 256.00 | 23317 | 615.1 SKI | 000039048 | 15/07/2025 | 319.00 | Reference (NB) |